000 00758nam a2200241 i 4500
001 129155
003 ES-MaACL
005 20250818131147.0
007 t|
008 070607s1978 sp f |||| | spa d
020 _a84-225-0172-4
080 _a008(831.73)
100 1 _aTer Mongat, Angela.
_9109719
245 1 3 _aEl enigma de la Isla de Pascua /
_cAngela Ter Mongat.
260 _a[Madrid] :
_bCírculo de Amigos de la Historia,
_c[1978]
300 _a262 p., 8 h. de lám. ;
_c19 cm.
490 1 _aGrandes civilizaciones desaparecidas ;
_v22
651 4 _aPascua (Isla)-
_xCultura.
_9162425
700 2 _a
_9241898
830 0 _aGrandes civilizaciones desaparecidas ;
_v22
_9184327
852 _aES-MaACL
_jA-8625
999 _c129155
_d129155